000 00903nam a2200289 a 4500
005 20200104041515.0
008 140224b1991 ck ||||fr|||| 00| 0 spa d
020 _a9586080870
040 _aCO-BoIAVH
_cCO-BoIAVH
041 0 _aspa
044 _ack
090 _aRE-
_b00041
245 0 0 _aBibliografía Botánica para Colombia 1 :
_cJavier Estrada, Javier Fuertes & José María Cardiel
260 _aBogotá :
_bGuadalupe,
_c1991.
300 _a400 páginas ;
_c27 x 21 cm.
650 6 _aReferencias bibliográficas
650 6 _aBotánica
650 6 _aTaxonomía
650 6 _aEcología
650 6 _aFlora
650 6 _aVegetación
650 6 _aInvestigación científica
700 1 _aEstrada, Javier
_eEditor
700 1 _aFuertes, Javier
_eEditor
700 1 _aCardiel, José María
_eEditor
942 _cBIBLIOGRAF
_2z
999 _c821
_d821